000 00624nam a2200193Ia 4500
003 GCL
008 140319s9999 xx 000 0 ara d
040 _aGCL /
_cGCL
082 0 4 _aق
_b962.064
_bج ف
100 1 _aجمال عبدالناصر
245 1 0 _aفلسفة الثورة /
_cجمال عبدالناصر
250 _aالاولى
260 _aالقاهرة :
_bمكتبة مدبولى ،
_c2005
300 _a85 ص ؛
_c19 سم
650 0 4 _aالناصرية
650 0 4 _aمصر - تاريخ - العصر الحديث - ثورة 1919
650 0 4 _aمصر - رؤساء الجمهورية
942 _2ddc
_cBK
999 _c9477
_d9477